The pursuit of certainty : (Record no. 120848)
[ view plain ]
| 000 -LEADER | |
|---|---|
| fixed length control field | 01660cam a2200373 a 4500 |
| 001 - CONTROL NUMBER | |
| control field | 4435325 |
| 003 - CONTROL NUMBER IDENTIFIER | |
| control field | ARRUPE |
| 005 - DATE AND TIME OF LATEST TRANSACTION | |
| control field | 20141012020004.0 |
| 008 - FIXED-LENGTH DATA ELEMENTS--GENERAL INFORMATION | |
| fixed length control field | 941117s1995 enkab b 001 0 eng |
| 010 ## - LIBRARY OF CONGRESS CONTROL NUMBER | |
| LC control number | 94045143 |
| 020 ## - INTERNATIONAL STANDARD BOOK NUMBER | |
| International Standard Book Number | 0415107903 (hbk.) |
| 020 ## - INTERNATIONAL STANDARD BOOK NUMBER | |
| International Standard Book Number | 0415107911 (pbk.) |
| 040 ## - CATALOGING SOURCE | |
| Original cataloging agency | DLC |
| Transcribing agency | DLC |
| Modifying agency | DLC |
| 050 00 - LIBRARY OF CONGRESS CALL NUMBER | |
| Classification number | BD450 |
| Item number | .P847 1995 |
| 082 00 - DEWEY DECIMAL CLASSIFICATION NUMBER | |
| Classification number | 305 |
| Edition number | 20 |
| 300 ## - PHYSICAL DESCRIPTION | |
| Other physical details | ill., maps ; |
| Dimensions | 24 cm. |
| 100 ## - MAIN ENTRY--PERSONAL NAME | |
| Personal name | James, Wendy. |
| 9 (RLIN) | 11292 |
| 245 04 - TITLE STATEMENT | |
| Title | The pursuit of certainty : |
| Remainder of title | religious and cultural formulations / |
| Statement of responsibility, etc | edited by Wendy James. |
| 260 ## - PUBLICATION, DISTRIBUTION, ETC. (IMPRINT) | |
| Place of publication, distribution, etc | London ; |
| -- | New York : |
| Name of publisher, distributor, etc | Routledge, |
| Date of publication, distribution, etc | 1995. |
| 300 ## - PHYSICAL DESCRIPTION | |
| Extent | xii, 316 p. : |
| 490 1# - SERIES STATEMENT | |
| Series statement | The uses of knowledge |
| 500 ## - GENERAL NOTE | |
| General note | Based on papers from the 4th Decennial Conference of the Association of Social Anthropologists of the Commonwealth held in Oxford in 1993. |
| 504 ## - BIBLIOGRAPHY, ETC. NOTE | |
| Bibliography, etc | Includes bibliographical references and indexes. |
| 650 #0 - SUBJECT ADDED ENTRY--TOPICAL TERM | |
| Topical term or geographic name as entry element | Philosophical anthropology. |
| 9 (RLIN) | 11293 |
| 650 #0 - SUBJECT ADDED ENTRY--TOPICAL TERM | |
| Topical term or geographic name as entry element | Religionstudies. |
| 9 (RLIN) | 11294 |
| 650 #0 - SUBJECT ADDED ENTRY--TOPICAL TERM | |
| Topical term or geographic name as entry element | Tolerationstudies. |
| 9 (RLIN) | 11295 |
| 650 #0 - SUBJECT ADDED ENTRY--TOPICAL TERM | |
| Topical term or geographic name as entry element | Cultural pluralism. |
| 9 (RLIN) | 7972 |
| 700 1# - ADDED ENTRY--PERSONAL NAME | |
| Personal name | James, Wendy. |
| 9 (RLIN) | 11296 |
| 710 2# - ADDED ENTRY--CORPORATE NAME | |
| Corporate name or jurisdiction name as entry element | Association of Social Anthropologists of the Commonwealth. |
| Subordinate unit | Conference |
| Number of part/section/meeting | (4th : |
| Date of meeting or treaty signing | 1993 : |
| Location of meeting | Oxford, England) |
| 9 (RLIN) | 11297 |
| 810 2# - SERIES ADDED ENTRY--CORPORATE NAME | |
| Corporate name or jurisdiction name as entry element | Association of Social Anthropologists of the Commonwealth. |
| Subordinate unit | Conference |
| Number of part/section/meeting | (4th : |
| Date of meeting or treaty signing | 1993 : |
| Location of meeting | Oxford, England). |
| Title of a work | Uses of knowledge. |
| 9 (RLIN) | 11298 |
| 856 42 - ELECTRONIC LOCATION AND ACCESS | |
| Materials specified | Publisher description |
| Uniform Resource Identifier | <a href="http://www.loc.gov/catdir/enhancements/fy0648/94045143-d.html">http://www.loc.gov/catdir/enhancements/fy0648/94045143-d.html</a> |
| 906 ## - LOCAL DATA ELEMENT F, LDF (RLIN) | |
| a | 7 |
| b | cbc |
| c | orignew |
| d | 1 |
| e | ocip |
| f | 19 |
| g | y-gencatlg |
| 942 ## - ADDED ENTRY ELEMENTS (KOHA) | |
| Source of classification or shelving scheme | Library of Congress Classification |
| Koha item type | Monograph ( Printed materials) |
| Koha issues (borrowed), all copies | 1 |
| Withdrawn status | Lost status | Source of classification or shelving scheme | Damaged status | Not for loan | Collection code | Home library | Current library | Shelving location | Date acquired | Total Checkouts | Full call number | Barcode | Date last seen | Date checked out | Price effective from | Koha item type |
|---|---|---|---|---|---|---|---|---|---|---|---|---|---|---|---|---|
| Library of Congress Classification | Main Collection | ARRUPE LIBRARY | ARRUPE LIBRARY | Main Collection | 12/09/2014 | 1 | BD450 .P847 1995 | 46500001447 | 02/09/2016 | 11/10/2014 | 12/09/2014 | Monograph ( Printed materials) |